01470nab a2200205uuc4500001000800000005001700008008004100025035001200066040001300078041000800091100004800099245008800147520073100235650003200966650002600998650003901024700005001063700004301113773010801156132200920250312092826.0130405m01uu2012 spa  a1322009 ccomduadb aspa10aPeña Ballesteros, Darío Yesid4auteaut10aEvaluación de la corrosión de un duraluminio en mezclas de gasolina y bioetanol3 aActualmente, diversos países utilizan el etanol como combustible de automoción. Sin embargo, este biocombustible resulta nocivo para las piezas metálicas del sistema de combustible de un automotor. En el presente trabajo se determinó la velocidad de corrosión del duraluminio, material usado para fabricar pistones de motores, en mezclas de bioetanol gasolina con concentraciones del 5% al 20%, mediante espectroscopia de impedancia electroquímica (EIE), polarización tafel y gravimetría. Se demostró que el proceso de corrosión fue de control mixto con tendencia a la corrosión localizada. En general, se observó que la velocidad de corrosión del duraluminio disminuye con el tiempo de exposición. aImpedancia electroquímica aGases de combustión 7aCorrosión y anticorrosivos2lemb10aEstupiñán Durán, Hugo Armando4auteaut10aVásquez Quintero, Custodio4auteaut0 tIngeniería y Universidad (Bogotá)gVol. 16, No. 01, Ene.-Jun. 2012, 9-25w584087x0123-21260144261